000
00312nam a2200121Ia 4500
008
220204s9999 xx 000 0 und d
082
_a
658.7
_b
BAI
100
_a
Baily, Peter
245
0
_a
Design of purchasing systems and records
260
_a
England
_b
Gower
_c
1971
700
_a
Tavernier, Gerald
942
_c
BK
999
_c
28033
_d
28033